01558nam a22002177a 4500003000400000005001700004008004100021020001800062040001300080082001300093100004000106245004300146264004400189300003500233490001800268500088700286546004101173586003701214650005601251700003301307OSt20250129214139.0250129b ||||| |||| 00| 0 spa d a9789589016053 cCO-MqBPB aANbSARh aSaramago, José, 1922-2010.eAutor aEl hombre duplicado /cJosé Saramago aBogotá:bPenguin Random House,c2016. a379 paginasbTapa Dura,c19 cm aContemporanea a¿Qué sucede cuando Tertuliano Máximo Alfonso descubre a sus treinta y ocho años que en su ciudad vive un individuo que es su copia exacta y con el que no le une ningún vínculo de sangre? Ése es el interrogante que Saramago, explorando de nuevo las profundidades del alma, plantea en El hombre duplicado. ¿Cómo saber quiénes somos? ¿En qué consiste la identidad? ¿Qué nos define como personas individuales y únicas? ¿Podemos asumir que nuestra voz, nuestros rasgos, hasta la mínima marca distintiva, se repitan en otra persona? ¿Podríamos intercambiarnos con nuestro doble sin que nuestros allegados lo percibiesen? Innovando frente a las convenciones de la novela, Saramago convierte la voz narradora en sujeto activo, en un juego metaliterario que pone al servicio de la historia y que va mucho más allá de las rupturas estrictamente formales. aTítulo original. O homem duplicado aPremio Nobel de Literatura 1998. 2 Novela portuguesav Novela portuguesa -- Siglo XXI aPilar del RioeTraducción